1371 1104 1347 1508 1103 1359 1668 1875 1317 1058 1421 1604 1410 1912 1794 1604 1618 1124 1965 1462 1219 1708 1564 1720 1169 1956 1933 1959 1107 1033 1591 1066 1347 1174 1823 1379 1457 1930 1670 1904 1427 1431 1418 1702 1261 1427 1374 1061 1685 1031 1873 1551 1498 1351 1129 1008 1113 1917 1830 1057 1353 1944 1979 1447 1241 1171 1890 1444 1202 1557 1049 1889 1004 1695 1423 1926 1237 1503 1875 1880 1428 1230 1773 1706 1469 1308 1828 1682 1002 1668 1129 1200 1462 1583 1653 1452 1514 1399 1356 BCNSPRNW ULIB Ver.6.0+V

เปลี่ยนเป็นภาษาไทย

Change to English
 แสดงรายละเอียดบรรณานุกรม
  กลับหน้าหลัก

Brief Record : Get Marc (ISO 2709) : E-mail record : QR code < ปิดหน้าต่าง
LEADER : 00000nam 2200000uu 4500
001    13399126145
003     ULIB
008    180612s2560||||th 000 0 tha d
020    ^a9786167829920
060    ^aWL140^bศ812ห
110    ^aศูนย์ความเป็นเลิศทางการแพทย์โรคพาร์กินสัน และกลุ่มโรคความเคลื่อนไหวผิดปกติ โรงพยาบาลจุฬาลงกรณ์ สภากาชาดไทย
245    ^aหนังสือคู่มือ หมอพาร์กินสัน Second Edition/^cศูนย์ความเป็นเลิศทางการแพทย์โรคพาร์กินสัน และกลุ่มโรคความเคลื่อนไหวผิดปกติ โรงพยาบาลจุฬาลงกรณ์ สภากาชาดไทย
250    ^aพิมพ์ครั้งที่ 2
260    ^aกรุงเทพฯ :^bศูนย์ความเป็นเลิศทางการแพทย์โรคพาร์กินสัน และกลุ่มโรคความเคลื่อนไหวผิดปกติ โรงพยาบาลจุฬาลงกรณ์ สภากาชาดไทย,^c2560
300    ^a180 หน้า;^b19 ซม.
650    ^aโรคพาร์กินสัน
945    ^p399^l0^i26129
945    ^p399^l0^i26130
945    ^p399^l0^i26131
945    ^p399^l0^i26132
945    ^p399^l0^i26133
945    ^p399^l0^i26134
945    ^p399^l0^i26135
945    ^p399^l0^i26136
945    ^p399^l0^i26137
945    ^p399^l0^i26138
999    ^aกัณชพร จุลอักษร
รายการนี้ยังไม่มีแท็ก
คุณยังไม่ได้ล็อกอิน คุณสามารถมีกิจกรรมร่วมกับเว็บไซต์ได้ แต่ต้องล็อกอินก่อน ::
  ล็อกอิน

รายการสื่อสารสนเทศ

ลำดับที่ ประเภท เลขเรียก/บาร์โค้ด สถานที่ สถานะ
1. หนังสือสำรอง
หนังสือสำรอง
WL140 ศ812ห ฉ.1 
  Barcode: 26129
ห้องสมุดวิทยาเขตนครสวรรค์
►หนังสือทั่วไป:l:General Books
บนชั้น
2. วิทยาศาสตร์การแพทย์ และสุขภาพ
วิทยาศาสตร์การแพทย์ และสุขภาพ
WL140 ศ812ห ฉ.10 
  Barcode: 26138
ห้องสมุดวิทยาเขตนครสวรรค์
►หนังสือทั่วไป:l:General Books
บนชั้น
3. วิทยาศาสตร์การแพทย์ และสุขภาพ
วิทยาศาสตร์การแพทย์ และสุขภาพ
WL140 ศ812ห ฉ.2 
  Barcode: 26130
ห้องสมุดวิทยาเขตนครสวรรค์
►หนังสือทั่วไป:l:General Books
บนชั้น
4. วิทยาศาสตร์การแพทย์ และสุขภาพ
วิทยาศาสตร์การแพทย์ และสุขภาพ
WL140 ศ812ห ฉ.3 
  Barcode: 26131
ห้องสมุดวิทยาเขตนครสวรรค์
►หนังสือทั่วไป:l:General Books
บนชั้น
5. วิทยาศาสตร์การแพทย์ และสุขภาพ
วิทยาศาสตร์การแพทย์ และสุขภาพ
WL140 ศ812ห ฉ.4 
  Barcode: 26132
ห้องสมุดวิทยาเขตนครสวรรค์
►หนังสือทั่วไป:l:General Books
บนชั้น
6. วิทยาศาสตร์การแพทย์ และสุขภาพ
วิทยาศาสตร์การแพทย์ และสุขภาพ
WL140 ศ812ห ฉ.5 
  Barcode: 26133
ห้องสมุดวิทยาเขตนครสวรรค์
►หนังสือทั่วไป:l:General Books
บนชั้น
7. วิทยาศาสตร์การแพทย์ และสุขภาพ
วิทยาศาสตร์การแพทย์ และสุขภาพ
WL140 ศ812ห ฉ.6 
  Barcode: 26134
ห้องสมุดวิทยาเขตนครสวรรค์
►หนังสือทั่วไป:l:General Books
บนชั้น
8. วิทยาศาสตร์การแพทย์ และสุขภาพ
วิทยาศาสตร์การแพทย์ และสุขภาพ
WL140 ศ812ห ฉ.7 
  Barcode: 26135
ห้องสมุดวิทยาเขตนครสวรรค์
►หนังสือทั่วไป:l:General Books
บนชั้น
9. วิทยาศาสตร์การแพทย์ และสุขภาพ
วิทยาศาสตร์การแพทย์ และสุขภาพ
WL140 ศ812ห ฉ.8 
  Barcode: 26136
ห้องสมุดวิทยาเขตนครสวรรค์
►หนังสือทั่วไป:l:General Books
บนชั้น
10. วิทยาศาสตร์การแพทย์ และสุขภาพ
วิทยาศาสตร์การแพทย์ และสุขภาพ
WL140 ศ812ห ฉ.9 
  Barcode: 26137
ห้องสมุดวิทยาเขตนครสวรรค์
►หนังสือทั่วไป:l:General Books
บนชั้น

รายการใกล้เคียง
    หัวเรื่อง [โรคพาร์กินสัน]

BibComment


ยังไม่เคยถูกคอมเมนท์

คอมเมนท์ทรัพยากรรายการนี้
  คอมเมนท์: หนังสือคู่มือ หม..


 Copyright 2026. Bcnsprnw @Library